00963cam a2200253 i 4500020001500000040000800015082002600023245009800049260009400147300003300241500003200274500017500306500002000481650002500501650001700526650002000543650002200563700002300585700001900608700002000627710003800647942000700685999001700692 a0824803663 cDLC00a333 PUB 1978 A017 Or.00aFarmers in the forest :beconomic development and marginal agriculture in northern Thailand / aHonolulu :bPublished for the East-West Center by the University Press of Hawaii,cc1978. avi, 402 p. :bill. ;c24 cm. a"An East-West Center book." a"This book grew out of a conference on upland agriculture in northern Thailand, organized by the editors and held on the campus of Chiang Mai University in January 1970." aIncludes index. 0aShifting cultivation 0aHill farming 0aLand use, Rural 0aRural development1 aKunstadter, Peter.1 aChapman, E. C.0 aSanga Sabhasri.2 aMahāwitthayālai Chīang Mai. cEK c12131d12131